000 00256nam a2200109Ia 4500
100 _aKapoor/V.K
942 _cBK
654 _aOperation
245 _aOperation Research:Problems and solutions
260 _bS.Chand & co
_aSingapore
_c1999
546 _aENGLISH
999 _c25422
_d25422